[Event "SVK-chT 2425"]
[Site "Slovakia"]
[Date "2025.02.16"]
[Round "6.4"]
[White "Butkiewicz, Lukasz"]
[Black "Chovan, Milan"]
[Result "1/2-1/2"]
[WhiteElo "2331"]
[BlackElo "2325"]
[PlyCount "40"]
[EventDate "2024.11.23"]
[EventType "team-tourn"]
[EventRounds "11"]
[EventCountry "SVK"]
[SourceTitle "CB14_2025"]
[SourceDate "2024.11.01"]
[SourceVersion "1"]
[SourceVersionDate "2024.11.01"]
[SourceQuality "1"]
[WhiteTeam "Dunajov/Martin"]
[BlackTeam "Bratislava Slovan"]
[WhiteTeamCountry "SVK"]
[BlackTeamCountry "SVK"]

1. d4 Nf6 2. c4 g6 3. Nc3 d5 4. Nf3 Bg7 5. Qb3 dxc4 6. Qxc4 0-0 7. e4 a6 8. Be2 b5 9. Qb3 Nc6 10. e5 Be6 11. exf6 Bxb3 12. fxg7 Kxg7 13. axb3 Nxd4 14. Nxd4 Qxd4 15. 0-0 c6 16. Bf3 Rfc8 17. Re1 h6 18. Re4 Qd3 19. Be3 e5 20. Rxe5 Re8 1/2-1/2

[Event "SVK-chT 2425"]
[Site "Slovakia"]
[Date "2024.11.23"]
[Round "1.4"]
[White "Butkiewicz, Lukasz"]
[Black "Karas, Marek"]
[Result "1/2-1/2"]
[WhiteElo "2344"]
[BlackElo "2161"]
[PlyCount "63"]
[EventDate "2024.11.23"]
[EventType "team-tourn"]
[EventRounds "11"]
[EventCountry "SVK"]
[SourceTitle "CB48_2024"]
[SourceDate "2024.11.28"]
[SourceVersion "1"]
[SourceVersionDate "2024.11.28"]
[SourceQuality "1"]
[WhiteTeam "Dunajov/Martin"]
[BlackTeam "Osuske"]
[WhiteTeamCountry "SVK"]
[BlackTeamCountry "SVK"]

1. e4 c5 2. Nf3 Nc6 3. d4 cxd4 4. Nxd4 g6 5. c4 Bg7 6. Be3 Nf6 7. Nc3 d6 8. Be2 0-0 9. 0-0 Nxd4 10. Bxd4 Bd7 11. Qd2 Bc6 12. f3 a5 13. b3 Nd7 14. Be3 Nc5 15. Rab1 Qb6 16. Rfc1 Rfc8 17. Nb5 Qd8 18. Nd4 Bd7 19. Bd1 h5 20. a3 Kh7 21. b4 axb4 22. axb4 Ne6 23. Nb3 Ba4 24. f4 Qh8 25. Na5 Bxd1 26. Rxd1 Bc3 27. Qd5 Qf6 28. Rb3 Nc7 29. Qd3 Bxb4 30. Rxb4 Rxa5 31. Rxb7 Ne6 32. Rf1 1/2-1/2

[Event "POL-chT Ekstraliga"]
[Site "Walbrzych"]
[Date "2024.10.13"]
[Round "7.4"]
[White "Moranda, Wojciech"]
[Black "Butkiewicz, Lukasz"]
[Result "1/2-1/2"]
[WhiteElo "2559"]
[BlackElo "2334"]
[PlyCount "45"]
[EventDate "2024.10.07"]
[EventType "team-tourn"]
[EventRounds "9"]
[EventCountry "POL"]
[SourceTitle "CB42_2024"]
[Source "ChessBase"]
[SourceDate "2024.10.16"]
[SourceVersion "1"]
[SourceVersionDate "2024.10.16"]
[SourceQuality "1"]
[WhiteTeam "Pegow Wieza"]
[BlackTeam "Wisznia Mala Bialy Krol"]
[WhiteTeamCountry "POL"]
[BlackTeamCountry "POL"]

1. d4 d5 2. c4 e6 3. Nf3 c6 4. Nbd2 f5 5. g3 Nd7 6. Bg2 Nh6 7. 0-0 Nf7 8. Ne1 h5 9. Ndf3 g5 10. h4 Be7 11. hxg5 Nxg5 12. Nxg5 Bxg5 13. Bxg5 Qxg5 14. Nf3 Qf6 15. Qd2 Nf8 16. Rac1 Ng6 17. Qg5 Qxg5 18. Nxg5 h4 19. Rc3 Ke7 20. f4 Bd7 21. Kf2 Rag8 22. e3 hxg3+ 23. Kxg3 1/2-1/2

[Event "POL-chT Ekstraliga"]
[Site "Walbrzych"]
[Date "2024.10.11"]
[Round "5.27"]
[White "Butkiewicz, Lukasz"]
[Black "Kyc, Jerzy"]
[Result "1/2-1/2"]
[WhiteElo "2334"]
[BlackElo "2253"]
[PlyCount "103"]
[EventDate "2024.10.07"]
[EventType "team-tourn"]
[EventRounds "9"]
[EventCountry "POL"]
[SourceTitle "CB42_2024"]
[Source "ChessBase"]
[SourceDate "2024.10.16"]
[SourceVersion "1"]
[SourceVersionDate "2024.10.16"]
[SourceQuality "1"]
[WhiteTeam "Wisznia Mala Bialy Krol"]
[BlackTeam "Sedziszow Malopolski"]
[WhiteTeamCountry "POL"]
[BlackTeamCountry "POL"]

1. Nf3 Nf6 2. c4 c5 3. Nc3 Nc6 4. d4 cxd4 5. Nxd4 g6 6. e4 d6 7. Be2 Bg7 8. Be3 0-0 9. 0-0 Nxd4 10. Bxd4 Be6 11. f4 Rc8 12. b3 Qa5 13. Rc1 a6 14. a4 Rfd8 15. Kh1 Bd7 16. Bxf6 exf6 17. Nd5 Re8 18. Bg4 Be6 19. b4 Qd8 20. f5 Bxd5 21. exd5 Rc7 22. Bf3 a5 23. c5 Bh6 24. Rb1 axb4 25. c6 Re5 26. fxg6 hxg6 27. Rxb4 bxc6 28. dxc6 Be3 29. Qb3 Kg7 30. Rb7 Bc5 31. g3 Re3 32. Qb2 Rxf3 33. Rxf3 Rxc6 34. Rf1 d5 35. Qb3 Qc8 36. Rb5 Qe6 37. Qf3 d4 38. Rc1 Qd6 39. a5 d3 40. Rd1 d2 41. Rb2 Ra6 42. Rbxd2 Qe6 43. Re2 Qc4 44. Qd3 Qxd3 45. Rxd3 Rxa5 46. Rc2 f5 47. Kg2 Be7 48. Rd7 Re5 49. Kf3 Kf6 50. Re2 Re6 51. Rb7 Bc5 52. Rb5 1/2-1/2

[Event "Wroclaw Anderssen Memorial op"]
[Site "Wroclaw"]
[Date "2024.08.15"]
[Round "6"]
[White "Butkiewicz, Lukasz"]
[Black "Ziobrowska, Maja"]
[Result "1-0"]
[WhiteElo "2336"]
[BlackElo "1927"]
[PlyCount "83"]
[EventDate "2024.08.15"]
[EventType "swiss (blitz)"]
[EventRounds "9"]
[EventCountry "POL"]
[SourceTitle "CBM 221 Extra"]
[Source "ChessBase"]
[SourceDate "2024.09.30"]
[SourceVersion "1"]
[SourceVersionDate "2024.09.30"]
[SourceQuality "1"]

1. e4 e5 2. Nf3 Nc6 3. Bb5 a6 4. Ba4 Nf6 5. d3 b5 6. Bb3 d6 7. a3 Be7 8. Nc3 0-0 9. 0-0 Bg4 10. Be3 Nd4 11. Bxd4 exd4 12. Nd5 c5 13. h3 Bh5 14. Nf4 Rc8 15. Nxh5 Nxh5 16. Nxd4 g6 17. Ne2 Bf6 18. c3 a5 19. f4 c4 20. Bc2 Ng7 21. d4 d5 22. e5 Be7 23. f5 Nxf5 24. Bxf5 gxf5 25. Ng3 Rc6 26. Nxf5 Rg6 27. Qf3 Kh8 28. Nxe7 Qxe7 29. Qxd5 Rfg8 30. Rf2 Qg5 31. Qf3 Qh4 32. Kf1 R6g7 33. Re1 Qe7 34. Qf6 Qd7 35. Re4 b4 36. Rh4 Re8 37. Rg4 Reg8 38. Rf3 Qa4 39. Kg1 Qd1+ 40. Kh2 bxc3 41. bxc3 Qd2 42. Rfg3 1-0

[Event "Leca da Palmeira op 3rd"]
[Site "Leca da Palmeira"]
[Date "2024.08.04"]
[Round "7"]
[White "Butkiewicz, Lukasz"]
[Black "Rodriguez Lopez, Rafael"]
[Result "1/2-1/2"]
[WhiteElo "2336"]
[BlackElo "2177"]
[PlyCount "50"]
[EventDate "2024.07.31"]
[EventType "swiss"]
[EventRounds "9"]
[EventCountry "POR"]
[SourceTitle "EXT 2025"]
[Source "ChessBase"]
[SourceDate "2024.10.14"]
[SourceVersion "1"]
[SourceVersionDate "2024.10.14"]
[SourceQuality "1"]

1. e4 e5 2. Nf3 Nc6 3. Bb5 a6 4. Ba4 Nf6 5. Nc3 Be7 6. 0-0 b5 7. Bb3 d6 8. d3 Na5 9. h3 h6 10. Be3 Nxb3 11. axb3 Bb7 12. Re1 c5 13. Ne2 0-0 14. Ng3 Re8 15. Nh2 d5 16. Ng4 dxe4 17. Nxf6+ Bxf6 18. dxe4 Qc7 19. Qg4 Bc8 20. Nf5 Bxf5 21. Qxf5 c4 22. bxc4 Qxc4 23. c3 Be7 24. Red1 b4 25. cxb4 Bxb4 1/2-1/2

[Event "Leca da Palmeira op 3rd"]
[Site "Leca da Palmeira"]
[Date "2024.08.02"]
[Round "4"]
[White "Harshavardhan, GB."]
[Black "Butkiewicz, Lukasz"]
[Result "1/2-1/2"]
[WhiteElo "2425"]
[BlackElo "2336"]
[PlyCount "105"]
[EventDate "2024.07.31"]
[EventType "swiss"]
[EventRounds "9"]
[EventCountry "POR"]
[SourceTitle "EXT 2025"]
[Source "ChessBase"]
[SourceDate "2024.10.14"]
[SourceVersion "1"]
[SourceVersionDate "2024.10.14"]
[SourceQuality "1"]

1. e4 c5 2. Nf3 e6 3. b3 b6 4. d4 cxd4 5. Nxd4 Bb7 6. Bd3 Nc6 7. Nxc6 Bxc6 8. 0-0 d6 9. Bb2 Nf6 10. Nd2 Be7 11. c4 0-0 12. Qe2 Nd7 13. Rad1 Bf6 14. Ba3 Nc5 15. Bc2 a5 16. f4 Qc7 17. Nf3 g6 18. Qe3 Bg7 19. e5 Bxf3 20. exd6 Qc6 21. gxf3 Rad8 22. Be4 Qc8 23. Bc1 Rd7 24. Rd2 Rfd8 25. Rfd1 Qb8 26. a3 Rxd6 27. b4 axb4 28. axb4 Rxd2 29. Rxd2 Rxd2 30. Bxd2 Nxe4 31. fxe4 Qd6 32. Kf1 Qc6 33. Qd3 f5 34. b5 Qb7 35. Be3 Bf8 36. Ke2 Kf7 37. exf5 gxf5 38. Bf2 Qc7 39. h3 Bd6 40. Kf3 Be7 41. Ke2 Bd6 42. Kf3 Be7 43. Bd4 h5 44. Kg2 h4 45. Be5 Qc8 46. Kf1 Qa8 47. Bd4 Qb7 48. Ke2 Qc7 49. Be3 Qb7 50. Bf2 Qc7 51. Be3 Qb7 52. Bf2 Qc7 53. Be3 1/2-1/2

[Event "Leca da Palmeira op 3rd"]
[Site "Leca da Palmeira"]
[Date "2024.08.01"]
[Round "3"]
[White "Butkiewicz, Lukasz"]
[Black "Santos, Jose Guilherme B Li"]
[Result "1/2-1/2"]
[WhiteElo "2336"]
[BlackElo "2410"]
[PlyCount "60"]
[EventDate "2024.07.31"]
[EventType "swiss"]
[EventRounds "9"]
[EventCountry "POR"]
[SourceTitle "EXT 2025"]
[Source "ChessBase"]
[SourceDate "2024.10.14"]
[SourceVersion "1"]
[SourceVersionDate "2024.10.14"]
[SourceQuality "1"]

1. d4 Nf6 2. c4 g6 3. Nf3 Bg7 4. g3 0-0 5. Bg2 d6 6. 0-0 Nc6 7. Nc3 e5 8. dxe5 dxe5 9. Bg5 h6 10. Qxd8 Rxd8 11. Bxf6 Bxf6 12. Nd5 Kg7 13. Rad1 Rb8 14. Nxf6 Kxf6 15. Rxd8 Nxd8 16. Nd2 Ke7 17. Ne4 f5 18. Nc3 c6 19. f4 Be6 20. b3 Nf7 21. Rd1 exf4 22. gxf4 g5 23. e4 gxf4 24. Rf1 fxe4 25. Nxe4 Rd8 26. Rxf4 Ng5 27. Kf2 Nxe4+ 28. Rxe4 Rd2+ 29. Re2 Rxe2+ 30. Kxe2 Kf6 1/2-1/2

[Event "SVK-chT1E 2223"]
[Site "Slovakia"]
[Date "2023.11.26"]
[Round "4.2"]
[White "Butkiewicz, Lukasz"]
[Black "Haborak, Kristian"]
[Result "1-0"]
[WhiteElo "2338"]
[BlackElo "2097"]
[PlyCount "73"]
[EventDate "2023.10.21"]
[EventType "team-tourn"]
[EventRounds "11"]
[EventCountry "SVK"]
[SourceTitle "EXT 2025"]
[Source "ChessBase"]
[SourceDate "2024.10.14"]
[SourceVersion "1"]
[SourceVersionDate "2024.10.14"]
[SourceQuality "1"]
[WhiteTeam "Dunajov Martin"]
[BlackTeam "Kezmarok KdV"]
[WhiteTeamCountry "SVK"]
[BlackTeamCountry "SVK"]

1. d4 Nf6 2. Nf3 e6 3. g3 b6 4. Bg2 Bb7 5. c4 Be7 6. 0-0 0-0 7. Nc3 d5 8. cxd5 exd5 9. Bf4 c6 10. Rc1 Nbd7 11. Qa4 Re8 12. Rfd1 a5 13. Qc2 Nh5 14. Bd2 Bb4 15. a3 Bf8 16. Bg5 Be7 17. Bxe7 Qxe7 18. e3 Ba6 19. Re1 Nhf6 20. Ne2 Ne4 21. Nf4 Bb7 22. h4 Rad8 23. Qb3 Qd6 24. Bh3 c5 25. dxc5 Ndxc5 26. Qd1 Qf6 27. Qd4 Qe7 28. Rcd1 Rd6 29. b4 Ne6 30. Nxe6 fxe6 31. Ne5 Rf8 32. Re2 Ba6 33. Rb2 Qf6 34. Bg2 Nxf2 35. Rdd2 Ne4 36. Bxe4 Qf1+ 37. Kh2 1-0

[Event "SVK-chT1E 2223"]
[Site "Slovakia"]
[Date "2023.10.22"]
[Round "2.3"]
[White "Varga, Lukas"]
[Black "Butkiewicz, Lukasz"]
[Result "1/2-1/2"]
[WhiteElo "2155"]
[BlackElo "2338"]
[PlyCount "138"]
[EventDate "2023.10.21"]
[EventType "team-tourn"]
[EventRounds "11"]
[EventCountry "SVK"]
[SourceTitle "EXT 2025"]
[Source "ChessBase"]
[SourceDate "2024.10.14"]
[SourceVersion "1"]
[SourceVersionDate "2024.10.14"]
[SourceQuality "1"]
[WhiteTeam "Kosice Slavia UPJS"]
[BlackTeam "Dunajov Martin"]
[WhiteTeamCountry "SVK"]
[BlackTeamCountry "SVK"]

1. e4 c5 2. Nf3 e6 3. d4 cxd4 4. Nxd4 Nc6 5. Nc3 Qc7 6. Be3 a6 7. Be2 Nf6 8. a3 Be7 9. 0-0 0-0 10. f4 d6 11. Qe1 Nxd4 12. Bxd4 e5 13. fxe5 dxe5 14. Qg3 Bc5 15. Be3 Be6 16. Qf2 Bxe3 17. Qxe3 Nd7 18. Rad1 Rac8 19. h3 b5 20. Bg4 Bxg4 21. hxg4 Nb6 22. Qf2 f6 23. Rd3 Qc5 24. b3 Qxf2+ 25. Rxf2 Rc6 26. Rfd2 Rfc8 27. Rd8+ Kf7 28. Rxc8 Rxc8 29. Rd6 Rxc3 30. Rxb6 Rxc2 31. Rxa6 Rb2 32. b4 Ra2 33. Kf1 Kg6 34. Ra7 Kh6 35. g5+ Kxg5 36. Rxg7+ Kf4 37. Rxh7 Kxe4 38. Rh4+ Kd5 39. Rh3 f5 40. Rc3 Kd4 41. Rc5 Rxa3 42. Rxb5 f4 43. Kf2 e4 44. Ra5 Rb3 45. Ra2 Rxb4 46. Rd2+ Ke5 47. Ra2 Kf5 48. Ra8 Rb2+ 49. Kf1 Ke5 50. Rd8 e3 51. Rg8 Ke4 52. Rg7 Kd3 53. Rd7+ Kc3 54. Rg7 Kd2 55. Rd7+ Kc1 56. Rd4 Rd2 57. Ra4 Kd1 58. Ra1+ Kc2 59. Ra4 Kd3 60. Ra3+ Ke4 61. Ra8 Rf2+ 62. Kg1 Rb2 63. Kf1 Kd3 64. Rd8+ Kc3 65. Rg8 Rc2 66. Rc8+ Kb2 67. Rxc2+ Kxc2 68. Ke2 Kc3 69. g3 fxg3 1/2-1/2